Georgian Municipality Flags - Statistics

General Stats
  • This quiz has been taken 45 times
  • The average score is 10 of 66
Answer Stats
Picture Answer % Correct
Tbilisi
61%
Abasha
44%
Batumi
44%
Borjomi
39%
Chkhorotsku
39%
Gori
39%
Khobi
39%
Poti
39%
Zugdidi
39%
Aspindza
33%
Samtredia
33%
Tianeti
33%
Kareli
28%
Kaspi
28%
Kutaisi
28%
Martvili
28%
Kharagauli
22%
Ninotsminda
22%
Sagarejo
22%
Akhalkalaki
17%
Ambrolauri
17%
Bolnisi
17%
Dusheti
17%
Khelvachauri
17%
Khulo
17%
Tetri Tskaro
17%
Tskhinvali
17%
Akhaltsikhe
11%
Chokhatauri
11%
Dmanisi
11%
Gardabani
11%
Kobuleti
11%
Mestia
11%
Oni
11%
Ozurgeti
11%
Senaki
11%
Shuakhevi
11%
Telavi
11%
Tkibuli
11%
Tsalenjikha
11%
Vani
11%
Baghdati
6%
Kazbegi
6%
Keda
6%
Lagodekhi
6%
Lentekhi
6%
Mtskheta
6%
Rustavi
6%
Tsageri
6%
Zestaponi
6%
Adigeni
0%
Akhalgori
0%
Akhmeta
0%
Chiatura
0%
Dedoplis Tskaro
0%
Gurjaani
0%
Khashuri
0%
Khoni
0%
Lanchkhuti
0%
Marneuli
0%
Qvareli
0%
Sachkere
0%
Sighnaghi
0%
Terjola
0%
Tsalka
0%
Tsqaltubo
0%
No matching quizzes found
Score Distribution
Percent of People with Each Score
Percentile by Number Answered
Your Score History
You have not taken this quiz